• 首页
  • 本馆介绍
  • 公告通知
  • 最新文献
  • 馆藏检索
  • 电子资源
  • 读者导购
  • 参考咨询
  • 我的图书馆
  • 登录
  • 详细信息显示
  • 放入我的书架
  • 预约/预借图书
  • 作者相关作品
  • 分类相关作品
  • 丛书相关作品
  • 出版社相关作品

书目信息

  • 表格格式
  • 工作单格式
  • 卡片格式
书名: THE WORLD IN THE CRUCIBLE
作者: by BERNADOTTE E.SCHMITT.
分册号:
分册名:
出版地: NEW YORK :
 
出版社: HARPER & ROW,PUBLISHERS
出版时间: 1984.
页数: 553 p. ;
开本: 20cm.
丛书名:
中图分类号:
科图分类号:
其他分类号: K504
主题词:
电子资源:
000 00453nam 2200157 a 4500
001 E0756071453
005 20070516154805.40
008 070516s1984 00010 eng
020    @a0-06-132088-9.
040    @aPFT@beng
090    @aK504
099    @dK504@ex10
245 1  @aTHE WORLD IN THE CRUCIBLE :@b1914-1919 / @cby BERNADOTTE E.SCHMITT.
260    @aNEW YORK :@bHARPER & ROW,PUBLISHERS,@c1984.
300    @a553 p. ;@c20cm.
700    @aby SCHMITT,BERNADOTTE E.
    
    THE WORLD IN THE CRUCIBLE : : 1914-1919 / / by BERNADOTTE E.SCHMITT.-NEW YORK : : HARPER & ROW,PUBLISHERS, , 1984.
    553 p. ; ; 20cm.
    
    
    ISBN 0-06-132088-9.
    
●
相关链接 在E读中查询图书 在五车中查询图书 在当当中查询图书 在豆瓣中查询图书


正题名:THE WORLD IN THE CRUCIBLE     索取号:K504/x10         预约/预借

序号 登录号 条形码 馆藏地/架位号 状态 备注
1 9767   300097678   第二样本阅览室/ [索取号:K504/x10] 在馆    
2 9768   300097687   密集书库/ [索取号:K504/x10] 在馆    
3 9769   300097696   第四借阅区/ [索取号:K504/x10] 在馆    
4 9770   300097703   第四借阅区/ [索取号:K504/x10] 在馆    
5 9771   300097712   密集书库/ [索取号:K504/x10] 在馆    
唐山师范学院图书馆 欢迎您!
大连网信软件有限公司© 版权所有